000 00875nam a2200265 a 4500
001 BRCA_8006
005 20190320210107.0
008 180314t1967----gw-a###f##---#001-0#ger-#
041 _ager
044 _agw
050 4 _aNK4215
_b.G715
_c1967
100 1 _aGraesse, J. G. Th.
_919680
245 1 0 _aFührer fur sammler porzellan und fayence
_bsteinzeug, steingut, usw
_cJ. G. Th Graesse und E. Jaennicke ; bearbeitet von Arthur Behse.
250 _a21
260 _aBerlin
_bKlinkhardt & Biermann
_c1967
300 _a736 p.
_bil.
_c24 cm.
500 _a3133
650 1 4 _aCerámica y porcelana
_vManuales y guías
_919879
650 1 4 _aCerámica y porcelana
_vMarcas
_919880
650 1 4 _aCerámica y porcelana
_vColecciones y coleccionistas
_919881
700 1 _aJaennicke, E.
_ecoaut.
_919882
700 1 _aBehse, Arthur
_erev.
_919883
902 _aGFM
942 _2lcc
_cB
999 _c7675
_d7675